Clique o Continente Correto - Statistics

Estatísticas Gerais
  • Esse quiz foi jogado 55 775 vezes
  • A pontuação média é 9 de 20
Estatísticas das Respostas
Hint Resposta % Correto
Maior continente por população Ásia
85%
Onde o basquete foi inventado América do Norte
69%
Contém a cidade de Moscovo/Moscou Europa
68%
Continente mais quente por temperatura média África
60%
Com o maior número de tornados América do Norte
60%
Continente do qual a Costa Rica faz parte América do Norte
58%
Maior continente por Área Ásia
57%
Tem exatamente 2 países sem litoral América do Sul
54%
Local de nascimento da maioria dos 100 maratonistas mais rápidos do mundo África
51%
Tem a maior quantidade de espécies de pássaros América do Sul
47%
Com a idade média mais velha Europa
47%
Tem a maior quantidade de espécies marsupiais Oceania
41%
Com a idade média mais jovem África
37%
Maior área superficial coberta por lagos América do Norte
30%
Com a maior velocidade média do vento Antártica
26%
Tem mais ovelhas do que pessoas Oceania
25%
De onde as batatas se originam América do Sul
23%
Maior quantidade de produção econômica Ásia
18%
Continente mais seco Antártica
16%
Com o maior número de medalhas de ouro nas olimpíadas Europa
13%
Nenhum quiz correspondente encontrado
Distribuição das Pontuações
Porcentagem de Pessoas com Cada Pontuação
Percentil de Números Respondidos
Sua Pontuação Histórica
Você não jogou esse quiz